Welcome to CU Library Online Public Access Catalogue (OPAC)

Attention Deficit Disorder/ (Record no. 4210)

MARC details
000 -LEADER
fixed length control field 00431nam a22001577a 4500
005 - DATE AND TIME OF LATEST TRANSACTION
control field 20250223161610.0
008 - FIXED-LENGTH DATA ELEMENTS--GENERAL INFORMATION
fixed length control field 250223b |||||||| |||| 00| 0 eng d
020 ## - INTERNATIONAL STANDARD BOOK NUMBER
International Standard Book Number 0961965002
050 ## - LIBRARY OF CONGRESS CALL NUMBER
Classification number RJ506
Item number .H9
100 ## - MAIN ENTRY--PERSONAL NAME
Personal name Hunsucker, Glenn
245 ## - TITLE STATEMENT
Title Attention Deficit Disorder/
Statement of responsibility, etc. Glenn Hunsucker
250 ## - EDITION STATEMENT
Remainder of edition statement Revised edition
260 ## - PUBLICATION, DISTRIBUTION, ETC.
Place of publication, distribution, etc. Fort Worth, Texas
Name of publisher, distributor, etc. Forresst Publishing
Date of publication, distribution, etc. 1993
300 ## - PHYSICAL DESCRIPTION
Extent 172p.
Dimensions 21cm
942 ## - ADDED ENTRY ELEMENTS (KOHA)
Source of classification or shelving scheme Library of Congress Classification
Koha item type Books
Suppress in OPAC No
999 ## -
-- 4210
-- 4210
Holdings
Withdrawn status Lost status Source of classification or shelving scheme Damaged status Not for loan Collection Home library Current library Shelving location Date acquired Total checkouts Full call number Barcode Date last seen Copy number Price effective from Koha item type
    Library of Congress Classification     Non-fiction Science Library (Miotso) Science Library (Miotso) General stacks 02/23/2025   RJ506 .H9 HUN SLM00003879 02/23/2025 1 02/23/2025 Books
© 2023-2024 Copyright: Central University Libraries. All Rights Reserved | Created by: Mahone Tech Office